000 00558nam a22001817a 4500
005 20251108171223.0
008 250721s1991 xx 000 0 ara d
082 1 4 _aم/ط391.209564/صبا
100 1 _aعزازي، صباح السيد
245 1 0 _aصور من تراث القرية الفلسطينية /
264 1 _aعمان :
_bدار الكرمل للنشر والتراث،
_c1991.
300 _a144ص
650 1 7 _aفلسطين
650 1 7 _aالأزياء الشعبية
650 1 7 _aالتطريز
942 _2ddc
_cREF
999 _c59670
_d59670